| 000 | 01139cam a2200265 4500 | ||
|---|---|---|---|
| 001 | ABS64682 | ||
| 008 | 011029n2001 000 0 eng u | ||
| 035 | _a(Sirsi) u115369 | ||
| 100 | _aRendle, S | ||
| 245 | _aTo serve and protect | ||
| 260 | _c2001 | ||
| 490 |
_aEstates Gazette _v(0142) 20 October 2001, 122-123(2) |
||
| 520 | _aDescribes how the terrorist attacks on the World Trade Center have highlighted the vulnerability of businesses that rely on IT, and stresses that companies must now find back-up data facilities either in-house or remote. Discusses the different types and costs of data storage systems and emphasises the importance of bandwidth to ensure data security. Includes expert opinions on continuing business in the wake of a disaster and best data storage facilities and locations. | ||
| 590 | _aABS | ||
| 650 | _aCO-LOCATION | ||
| 650 | _aFIBRE OPTICS | ||
| 650 | _aTERRORISM | ||
| 650 | _aTELECOMMUNICATIONS | ||
| 650 | _aIT SYSTEMS | ||
| 650 | _aSECURITY | ||
| 650 | _aBROADBAND | ||
| 650 | _aDATA STORAGE | ||
| 690 | _aMANAGEMENT-BUSINESS MANAGEMENT-INFORMATION MANAGEMENT | ||
| 942 | _n0 | ||
| 999 |
_c68707 _d68707 |
||